00740 2200253 4500001002100000005001700021008004100038020001800079035002400097082001200121090002400133090002200157100002500179245006400204250001800268260003400286300003000320500001100350500003100361650003900392850001200431999002300443999002000466YOGYA-0209000004595420090227031029.0 ind  a979-9398-18-5 0010-020900000045954 a005.117 a005.117bHad AlDEP a001.6bHad AlDEP aHADI SUTOPO, Ariesto aAnalisis dan desain berorientasi objekcAriesto Hadi Sutopo aEd. 1, cet. 1 aYogyakartabJ&J Lerningc2002 axiii,260 hlmbilusc23 cm aIndeks aBibliografi : hlm. 239-240 aOrientasi obyek (Program komputer) aYOPDYOG a2002-509 h CB-D.11 a2002-15 CB-D.11